Gramatikang Filipino : (Record no. 292373)
[ view plain ]
| 000 -LEADER | |
|---|---|
| fixed length control field | 00738nam a2200241Ia 4500 |
| 008 - FIXED-LENGTH DATA ELEMENTS--GENERAL INFORMATION | |
| fixed length control field | 160319s9999 xx 000 0 und d |
| 020 ## - INTERNATIONAL STANDARD BOOK NUMBER | |
| International Standard Book Number | 9789715426565 |
| 050 ## - LIBRARY OF CONGRESS CALL NUMBER | |
| Classification number | 499.2115 |
| 050 ## - LIBRARY OF CONGRESS CALL NUMBER | |
| Item number | .C395g 2011 |
| 100 ## - MAIN ENTRY--PERSONAL NAME | |
| Personal name | Ceña, Resty Mendoza. |
| 245 ## - TITLE STATEMENT | |
| Title | Gramatikang Filipino : |
| 245 ## - TITLE STATEMENT | |
| Remainder of title | balangkasan / |
| 245 ## - TITLE STATEMENT | |
| Statement of responsibility, etc | Resty Mendoza Ceña, Ricardo Ma. Duran Nolasco. |
| 260 ## - PUBLICATION, DISTRIBUTION, ETC. (IMPRINT) | |
| Place of publication, distribution, etc | Quezon City : |
| 260 ## - PUBLICATION, DISTRIBUTION, ETC. (IMPRINT) | |
| Name of publisher, distributor, etc | The University of the Philippines Press |
| 260 ## - PUBLICATION, DISTRIBUTION, ETC. (IMPRINT) | |
| Date of publication, distribution, etc | 2011 |
| 300 ## - PHYSICAL DESCRIPTION | |
| Extent | xviii, 349 pages ; |
| 300 ## - PHYSICAL DESCRIPTION | |
| Other physical details | illustrations : |
| 300 ## - PHYSICAL DESCRIPTION | |
| Dimensions | 23 cm. |
| 650 ## - SUBJECT ADDED ENTRY--TOPICAL TERM | |
| Topical term or geographic name as entry element | Filipino language -- Grammar -- Study and teaching. |
| 650 ## - SUBJECT ADDED ENTRY--TOPICAL TERM | |
| Topical term or geographic name as entry element | Filipino language -- Grammar. |
| 700 ## - ADDED ENTRY--PERSONAL NAME | |
| Personal name | Nolasco, Ricardo Ma. Duran., added author. |
| Withdrawn status | Lost status | Damaged status | Home library | Current library | Shelving location | Date acquired | Total Checkouts | Full call number | Barcode | Date last seen | Price effective from | Koha item type |
|---|---|---|---|---|---|---|---|---|---|---|---|---|
| Stonyhurst Southville International School (Batangas) | Stonyhurst Southville International School (Batangas) | Filipiniana Section | 03/19/2016 | .C395g 2011 | US-2020 | 03/19/2016 | 03/19/2016 | Books |